Small holders rubbber planting in panghea krek district kompong cham province ដំណាំកៅស៊ូជាលក្ខណៈគ្រួសារ នៅស្រុកពញ្ញាក្រែកខេត្តកំពង់ចាម (Record no. 306)

000 -LEADER
fixed length control field 00601nam a22001577a 4500
003 - CONTROL NUMBER IDENTIFIER
control field OSt
005 - DATE AND TIME OF LATEST TRANSACTION
control field 20150912140331.0
008 - FIXED-LENGTH DATA ELEMENTS--GENERAL INFORMATION
fixed length control field 150912b xxu||||| |||| 00| 0 eng d
040 ## - CATALOGING SOURCE
Transcribing agency RUA
082 ## - DEWEY DECIMAL CLASSIFICATION NUMBER
Classification number AGR OUK 1997 B018 Or.1
100 ## - MAIN ENTRY--PERSONAL NAME
9 (RLIN) 324
Personal name OUK PHOMARA
245 ## - TITLE STATEMENT
Title Small holders rubbber planting in panghea krek district kompong cham province ដំណាំកៅស៊ូជាលក្ខណៈគ្រួសារ នៅស្រុកពញ្ញាក្រែកខេត្តកំពង់ចាម
260 ## - PUBLICATION, DISTRIBUTION, ETC. (IMPRINT)
Place of publication, distribution, etc. Phnom Penh
Name of publisher, distributor, etc. RUA
Date of publication, distribution, etc. 1997
300 ## - PHYSICAL DESCRIPTION
Extent 74p.
Other physical details ill.
Dimensions 29cm.
942 ## - ADDED ENTRY ELEMENTS (KOHA)
Source of classification or shelving scheme
Koha item type AGR
Holdings
Price effective from Date last seen Permanent Location Not for loan Date acquired Source of classification or shelving scheme Koha item type Lost status Withdrawn status Date last checked out Total Checkouts Shelving location Damaged status Barcode Current Location Full call number
2015-09-122015-09-12Library Block B 2015-09-12 AGR    B018 RUA005127Library Block BAGR OUK 1997 B018 Or.1
2015-09-122018-06-12Library Block B 2015-09-12 AGR  2018-05-072B018 RUA007519Library Block BAGR OUK 1997 B018 Or.2
2015-09-122015-09-12Library Block B 2015-09-12 AGR    B018 RUA005058Library Block BAGR OUK 1997 B018 Or.3
2015-09-122016-07-18Library Block B 2015-09-12 AGR  2016-07-081B018 RUA005055Library Block BAGR OUK 1997 B018 Or.4
2015-09-122019-11-13Library Block B 2015-09-12 AGR  2019-10-281B018 RUA005114Library Block BAGR OUK 1997 B018 Or.5
2015-09-272025-01-31Library Block B 2015-09-27 AGR  2024-12-061B018 RUA008798Library Block BAGR OUK 1997 B018 Or.6
2016-01-262016-01-26Library Block B 2016-01-26 AGR      RUA41103Library Block BAGR OUK 1997 B018 Or.7
មជ្ឈមណ្ឌលឯការនៃសាកលវិទ្យាល័យភូមិន្ទកសិកម្មចំការដូង

Powered by Koha